000
00259nam a22001097a 4500
040
_c
HS
082
_a
631
100
_a
សុខ វ៉ាន់ថន
245
_a
Soil and water management
260
_a
RUA
_b
សុខ វ៉ាន់ថន
_c
NA
942
_c
KB
999
_c
8572
_d
8572